000 00597nam a2200169 i 4500
001 31009
003 ES-MaACL
005 20230906154307.0
007 t|
008 030128s1932 fr ||||1| fre d
100 1 _aBattelli, Maurice.
_926477
245 1 4 _aLes Institutions de démocratie directe en droit suisse et comparé moderne /
_cMaurice Battelli ; préface de B. Mirkine-Guetxevitch.
260 _aParís :
_bLibrairie du Recueil Sirey,
_c1932] (
_eToulouse :
_fF. Boissean)
300 _aXVIII, 319 p. ;
_c21 cm.
700 1 _aMirkine-Guetxevitch, B.
_981591
852 _aES-MaACL
_jA-1557
999 _c31009
_d31009